Nfl Clicky game - Statistics

General Stats
  • This quiz has been taken 154 times
  • The average score is 11 of 15
Answer Stats
Hint Answer % Correct
How many NFL teams are there? 32
100%
How many teams make up each division? 4
83%
How many teams has Tom Brady played for? 2
81%
How many MVP's does Peyton Manning have? 5
81%
How many Super Bowls has Tom Brady won 7
81%
How many players can be on the field for both teams? 22
80%
All time leader in receiving yards Jerry Rice
80%
How many divisions are in the NFL? 8
78%
Single season leader in receiving yards Calvin Johnson
77%
Single season leader in passing yards Peyton Manning
77%
All time leader in passing yards Tom Brady
74%
Single season leader in rushing yards Eric Dickerson
72%
How many players can be on the field for one team? 11
70%
All time leader in rushing yards Emmitt Smith
70%
How many teams have never won a Super Bowl? 12
42%
No matching quizzes found
Score Distribution
Percent of People with Each Score
Percentile by Number Answered
Your Score History
You have not taken this quiz